| 000 | 00000nam##2200000za#4500 |
| 001 | 9.688443 |
| 003 | CaOODSP |
| 005 | 20210624231428 |
| 007 | cr ||||||||||| |
| 008 | 150407|1998||||xxc|||||o f|0| 0 eng|d |
| 040 | |aCaOODSP|beng |
| 043 | |an-cn--- |
| 086 | 1 |aSW21-27/1998E-PDF |
| 110 | 1 |aCanada. |bStatus of Women Canada. |
| 245 | 10|aBenefiting Canada's children : |h[electronic resource]|bperspectives on gender and social responsibility / |c[by] Christa Freilet and Judy Cerny. |
| 260 | |aOttawa - Ontario : |bStatus of Women Canada |c1998. |
| 300 | |a117p.|bfigs., graphs, tables |
| 500 | |aContents: Introduction and overview.--A social responsibility framework.--The causes of poverty and vulnerability in Canada.--Addressing poverty and vulnerability in a post-CHST world: challenges and constraints.--Review and assessment of the national child benefit and provincial programs.--Conclusion and recommendations. |
| 500 | |aThe catalogue number (SW21-27/1998) and ISBN (0-662-63469-1) for the (1998) print edition have been printed in this electronic edition. |
| 504 | |aBibliography. |
| 590 | |a06-10-Supp|b2006-12-15 |
| 690 | 07|aChild poverty|2gcpds |
| 690 | 07|aGender equality|2gcpds |
| 690 | 07|aSocial security|2gcpds |
| 690 | 07|aStatus of women|2gcpds |
| 690 | 07|aWelfare|2gcpds |
| 720 | 1 |aFreiler, Christa |
| 720 | 1 |aCerny, Judy |
| 775 | 08|tDes prestations pour les enfants du Canada : |w(CaOODSP)9.632867 |
| 776 | 0#|tBenefiting Canada's children : |w(CaOODSP)9.660035 |
| 776 | 0#|tDes prestations pour les enfants du Canada : |w(CaOODSP)9.660036 |
| 856 | 40|ahttp://publications.gc.ca|qPDF|s444 KB|uhttps://publications.gc.ca/collections/Collection/SW21-27-1998E.pdf |